zpět

Detail výsledku týmu

Chicago Bar & Grill ÚT, Liberec

Datum a čas kvízu

19.5 Celkem bodů Celkový počet nahraných bodů na tomto kvízu bez doplňovacích otázek.
5. Pořadí na kvízu Konečné umístění týmu na tomto kvízu.

Zaznamenané odpovědi

# Otázka Odpověď Body Výsledky
1. Cestující českobudějovické MHD... lakovala si nehty (na nohou) 1
2. Parlament jednoho evropského s... o Řecku 0
3. Letošní 32. ročník filmového f... Zlatý ledňáček 0
4. Pošťuchování mezi dvěma e-shop... CZC.cz 0
5. Jak se jmenuje domovské město... Banská Bystrica 0
6. V pondělí v podvečer zachvátil... svatý Ludvík (Louis) 0
7. Největší a nejznámější knihovn... Alexandrie 1
8. Tato budova dnes slouží jako p... v Japonsku 0
9. Stavba Národního divadla v Pra... František Josef I. 0
10. Více než padesát metrů a skoro... v Afghánistánu 0